000 01729nam a2200277 a 4500
001 ASIN1409420191
003 OSt
005 20170105102910.0
008 131025s2012 xxu eng d
020 _a1409420191 (paperback)
_c$39.95
020 _a9781409420194 (paperback)
040 _aa
050 0 4 _aPN4756
082 0 4 _a070.4492
_bREL 2012
245 0 0 _aReligion and the news /
_cJolyon Mitchell, Owen Gower.
260 _a[S.l.] :
_bAshgate Pub Co,
_c2012.
300 _a250 p. ;
_c24 cm.
520 _aIn "Religion and the News" journalists and religious leaders reflect on their interactions with one another and their experiences of creating news. Through a series of original contributions, leading practitioners shed light on how religious stories emerge into the public domain. Experienced journalists and religious representatives from different faith traditions critically consider their role in a rapidly evolving communicative environment. Aimed at journalists, faith representatives, religious leaders, academics and students, this book offers a timely exploration of the current state of religious news coverage and makes an original contribution to the emerging media, religion and culture literature, as well as to media and communication studies. "Religion and the News" presents insights from leading journalists and religious leaders, many well-known figures, writing openly about their experiences.
650 0 _aJournalism, Religious
650 0 _aMass media--Religious aspects
650 0 _aReligion and the press
700 1 _aGower, Owen.
700 1 _aMitchell, Jolyon.
856 4 0 _3Amazon.com
_uhttp://www.amazon.com/exec/obidos/ASIN/1409420191/chopaconline-20
942 _2ddc
_cBK
999 _c15062
_d15062